| 000 | 00532nam a22001937a 4500 | ||
|---|---|---|---|
| 999 |
_c3022 _d3022 |
||
| 003 | OSt | ||
| 005 | 20230925090724.0 | ||
| 008 | 230925b ||||| |||| 00| 0 eng d | ||
| 020 | _a9789672190196 | ||
| 040 | _cKH8 | ||
| 082 | _a400 OTH | ||
| 100 |
_aSyahril Othman, _eauthor. |
||
| 245 |
_aMalay IGCSE Grammar Exercise Book Volume 1 / _cSyahril Othman. |
||
| 260 |
_aMalaysia; _bSyahril Education Enterprise. |
||
| 440 | _v1 | ||
| 650 |
_aMalay language _vGrammar |
||
| 650 |
_aMalay language _vForeign language |
||
| 942 |
_2ddc _cTR |
||